000 00296nam a22001337a 4500
008 170818b xxu||||| |||| 00| 0 eng d
020 _a9780536509345
041 _aeng
080 _a51
100 _a37
101 _aMAT
245 _aFUNDAMENTALS MATHEMATICS
_cSOLITZER.B.K
942 _2udc
_cBK
999 _c24051
_d24051